00662cam a22002297a 4500003000500000005001700005008004100022010001000063011001000073035001000083040000900093082001400102110000800116245006500124260002300189300002000212490004900232650003500281650004400316700002300360830004900383CHAP20220817042545.0971013s1956 r 00010 d a48043 a49015 a53163 cCHAP a636.2bF3 aFAO 0aUltimas novedades de la industria pecuaria en las Américas aRoma :bFAO,c1956 a195 p.b: ilus. 0aFAO. Cuadernos de fomento agropecuariov; 5514aGanaderíaxAmérica Latina.14aIndustrias pecuariasxAmérica Latina.0 aPhillips, Ralph W.0 aFAO. Cuadernos de fomento agropecuariov; 55